Handbook Of Artificial Intelligence (Record no. 295756)

MARC details
000 -LEADER
fixed length control field 00392nam a2200157Ia 4500
008 - FIXED-LENGTH DATA ELEMENTS--GENERAL INFORMATION
fixed length control field 230718s9999 xx 000 0 und d
041 ## - LANGUAGE CODE
Language code of text/sound track or separate title eng
082 ## - DEWEY DECIMAL CLASSIFICATION NUMBER
Classification number 006.3
Item number BAR
100 ## - MAIN ENTRY--PERSONAL NAME
Personal name Barr A. Ed.
245 ## - TITLE STATEMENT
Title Handbook Of Artificial Intelligence
260 ## - PUBLICATION, DISTRIBUTION, ETC. (IMPRINT)
Date of publication, distribution, etc. 1982
Name of publisher, distributor, etc. William Kaufmann Inc.
300 ## - PHYSICAL DESCRIPTION
Extent 420
365 ## - TRADE PRICE
Currency code Rs.
700 ## - ADDED ENTRY--PERSONAL NAME
Personal name Barr A. Ed. & Feigenbaum E.A. Ed.
906 ## - LOCAL DATA ELEMENT F, LDF (RLIN)
c COMP
Holdings
Withdrawn status Lost status Damaged status Not for loan Home library Current library Date acquired Vendor Budget Code Total Checkouts Full call number Barcode Date last seen Bill Date Koha item type Original Barcode
        Cummins College of Engineering for Women Pune Cummins College of Engineering for Women Pune 31/10/1996 V V Athani COMP   006.3 CCEP-BK-6961 18/07/2023 18/07/2023 Books 006961